<?xml version="1.0" encoding="UTF-8"?>
<record
    xmlns:xsi="http://www.w3.org/2001/XMLSchema-instance"
    xsi:schemaLocation="http://www.loc.gov/MARC21/slim http://www.loc.gov/standards/marcxml/schema/MARC21slim.xsd"
    xmlns="http://www.loc.gov/MARC21/slim">

  <leader>00821nam a22002057a 4500</leader>
  <controlfield tag="005">20251203174454.0</controlfield>
  <controlfield tag="008">251203b           ||||fr|||| 00| 0 eng d</controlfield>
  <datafield tag="020" ind1=" " ind2=" ">
    <subfield code="a">91-85391-54-9</subfield>
  </datafield>
  <datafield tag="040" ind1=" " ind2=" ">
    <subfield code="a">CENDOC CAAAP</subfield>
    <subfield code="b">spa</subfield>
    <subfield code="c">CAAAP</subfield>
  </datafield>
  <datafield tag="041" ind1=" " ind2=" ">
    <subfield code="a">spa</subfield>
  </datafield>
  <datafield tag="050" ind1=" " ind2=" ">
    <subfield code="a">JC 599.A4</subfield>
    <subfield code="b">.P33</subfield>
  </datafield>
  <datafield tag="100" ind1="1" ind2=" ">
    <subfield code="9">5700</subfield>
    <subfield code="a">Pacheco Oreamuno, Gilda</subfield>
    <subfield code="e">autor</subfield>
  </datafield>
  <datafield tag="245" ind1="1" ind2=" ">
    <subfield code="a">Verdad, justicia y reparaci&#xF3;n : </subfield>
    <subfield code="b">Desaf&#xED;os para la democracia y la convivencia sociala /</subfield>
    <subfield code="c">Gilda Pacheco Oreamuno</subfield>
  </datafield>
  <datafield tag="250" ind1=" " ind2=" ">
    <subfield code="a">1ra edici&#xF3;n</subfield>
  </datafield>
  <datafield tag="260" ind1=" " ind2="1">
    <subfield code="a">San Jos&#xE9;, Costa Rica :</subfield>
    <subfield code="b">Instituto Interamericano de Derechos Humanos (IIDH), IDEA Internacional,</subfield>
    <subfield code="c">2007</subfield>
  </datafield>
  <datafield tag="300" ind1=" " ind2=" ">
    <subfield code="a">239 p&#xE1;ginas ;</subfield>
    <subfield code="c">24 x 17 cm</subfield>
  </datafield>
  <datafield tag="650" ind1=" " ind2="0">
    <subfield code="9">381</subfield>
    <subfield code="a">Derechos Humanos</subfield>
    <subfield code="x">Justicia transicional</subfield>
    <subfield code="z">Am&#xE9;rica Latina</subfield>
  </datafield>
  <datafield tag="650" ind1=" " ind2="0">
    <subfield code="9">517</subfield>
    <subfield code="a">Democracia</subfield>
    <subfield code="x">Condiciones sociales</subfield>
    <subfield code="z">Am&#xE9;rica Latina</subfield>
  </datafield>
  <datafield tag="942" ind1=" " ind2=" ">
    <subfield code="2">lcc</subfield>
    <subfield code="b">DD - MM - AA</subfield>
    <subfield code="c">BK</subfield>
  </datafield>
  <datafield tag="999" ind1=" " ind2=" ">
    <subfield code="c">4235</subfield>
    <subfield code="d">4235</subfield>
  </datafield>
  <datafield tag="952" ind1=" " ind2=" ">
    <subfield code="2">lcc</subfield>
    <subfield code="a">CAAAP</subfield>
    <subfield code="b">CAAAP</subfield>
    <subfield code="d">2025-12-03</subfield>
    <subfield code="l">0</subfield>
    <subfield code="o">JC 599.A4 .P33</subfield>
    <subfield code="r">2025-12-03</subfield>
    <subfield code="y">BK</subfield>
  </datafield>
</record>
